¿Cambian los cursos de actualización las representaciones de la ciencia y la práctica docente? (Record no. 165128)

MARC details
000 -CABECERA
campo de control de longitud fija 00777nab a2200229 a 4500
005 - FECHA Y HORA DE LA ÚLTIMA TRANSACCIÓN
campo de control 20210223132200.0
008 - ELEMENTOS DE LONGITUD FIJA--INFORMACIÓN GENERAL
campo de control de longitud fija 991125s1985 mx 000 0 spa u
035 ## - NÚMERO DE CONTROL DEL SISTEMA
Número de control de sistema UPN01000193027
100 1# - ASIENTO PRINCIPAL--NOMBRE PERSONAL
Nombre de persona López y Mota, Angel D.
222 #0 - TÍTULO CLAVE
Título clave REVISTA MEXICANA DE INVESTIGACION EDUCATIVA
245 #0 - MENCIÓN DE TÍTULO
Título ¿Cambian los cursos de actualización las representaciones de la ciencia y la práctica docente?
260 ## - PUBLICACIÓN, DISTRIBUCIÓN, ETC.
Lugar de publicación, distribución, etc. México
300 ## - DESCRIPCIÓN FÍSICA
Extensión 699-719
362 0# - FECHAS DE PUBLICACIÓN Y/O DESIGNACIÓN SECUENCIAL
Fecha de publicación y/o designación secuencial 2004, Vol. 9, no. 22
653 0# - TERMINO DE INDIZACION - NO CONTROLADO
Término no controlado EVALUACION DEL APRENDIZAJE
653 0# - TERMINO DE INDIZACION - NO CONTROLADO
Término no controlado ENSEÑANZA DE LAS CIENCIAS
653 0# - TERMINO DE INDIZACION - NO CONTROLADO
Término no controlado CURSOS DE ACTUALIZACION
653 0# - TERMINO DE INDIZACION - NO CONTROLADO
Término no controlado PRACTICA DOCENTE
700 1# - ASIENTO SECUNDARIO--NOMBRE DE PERSONAL
Nombre de persona Rodríguez Pineda, Diana Patricia,
Término indicativo de función/relación coaut.
700 1# - ASIENTO SECUNDARIO--NOMBRE DE PERSONAL
Nombre de persona Bonilla Pedroza, María Xóchitl,
Término indicativo de función/relación coaut.
9 (RLIN) 35990
905 ## - TIPO DE MATERIAL
Tipo de material Articulo

No items available.